[Event "GER-chT U10"]
[Site "Magdeburg"]
[Date "2016.12.29"]
[Round "7.3"]
[White "Stammen, York Magnus"]
[Black "Liang, Jiaxuan"]
[Result "0-1"]
[WhiteElo "864"]
[BlackElo "984"]
[PlyCount "34"]
[EventDate "2016.12.27"]
[EventType "team-swiss"]
[EventRounds "7"]
[EventCountry "GER"]
[SourceTitle "EXT 2018"]
[Source "ChessBase"]
[SourceDate "2017.10.13"]
[SourceVersion "1"]
[SourceVersionDate "2017.10.13"]
[SourceQuality "1"]
[WhiteTeam "Paderborn Akademie II"]
[BlackTeam "Hohentuebingen"]
[WhiteTeamCountry "GER"]
[BlackTeamCountry "GER"]

1. d4 d5 2. Bf4 Nf6 3. Nf3 Nc6 4. e3 Bg4 5. Be2 Bf5 6. Bd3 Ne4 7. Nbd2 e6 8. Bxe4 dxe4 9. Ne5 Nxe5 10. Bxe5 Be7 11. Bxg7 Rg8 12. Be5 Rxg2 13. Bg3 Bd6 14. Bxd6 Qxd6 15. Qe2 0-0-0 16. 0-0-0 Bg4 17. f3 Rxe2 0-1